000 03040 a2200229 4500
005 20110906110421.0
010 _aG-001227
020 _c20.00
_a9788170284888
035 _aG-001227
037 _bउपहार
082 1 4 _a
100 1 _aआनन्द कुमार विश्वनाथ
_934454
245 1 _aनीति कथाएँ /
_cआनन्द कुमार
246 _a
_b
260 _aदिल्ली
_bराजपाल एंड संस
_c2009
270 _aकश्मीरी गेट
_bदिल्ली
_e110006
300 _a62पृ
_bसचित्र
_c18सेमी (अजिल्द)
650 _a
_934455
942 _adpl
_cCH
_k
_2ddc
_h
_mआनन्द
999 _c56357
_d56357